000 00797nam a2200253 a 4500
001 73019
003 BD-RjUL
005 20211209082335.0
008 170527s1959 nyua 001 0 eng
035 _a(BD-RjUL)73237
040 _aDLC/ICU
_cICU
_dDLC
_dBD-RjUL
_beng
041 _aeng
082 0 0 _223
_a596
_bWEE 1959
100 1 _aWeichert, Charles K.
_q(Charles Kipp),
_d1902-
_9128806
245 1 0 _aElements of chordate anatomy /
_cCharles K Weichert
250 _a2nd ed.
260 _aNew York :
_bMcGraw-Hill,
_c1959.
300 _a503 p. :
_bill. ;
_c24 cm.
500 _aIncludes index
650 0 _aChordata
_9215959
830 _aMcGraw-Hill publications in the zoological sciences
_9124923
942 _2ddc
_cBK
999 _c73019
_d73019